A New Look At Modern Indian History (Record no. 49835)

MARC details
000 -LEADER
fixed length control field 00387nam a2200145Ia 4500
008 - FIXED-LENGTH DATA ELEMENTS--GENERAL INFORMATION
fixed length control field 220530s9999 xx 000 0 und d
020 ## - INTERNATIONAL STANDARD BOOK NUMBER
International Standard Book Number 81-219-0532-X
041 ## - LANGUAGE CODE
Language code of text/sound track or separate title eng
082 ## - DEWEY DECIMAL CLASSIFICATION NUMBER
Classification number 950
Item number GRO
100 ## - MAIN ENTRY--PERSONAL NAME
Personal name Grover B L, Mehta Alka
9 (RLIN) 54497
245 ## - TITLE STATEMENT
Title A New Look At Modern Indian History
260 ## - PUBLICATION, DISTRIBUTION, ETC. (IMPRINT)
Place of publication, distribution, etc. New Delhi
Name of publisher, distributor, etc. S Chand
Date of publication, distribution, etc. 2010
300 ## - PHYSICAL DESCRIPTION
Extent i to xxiii, 1 to 568
Other physical details PB
906 ## - LOCAL DATA ELEMENT F, LDF (RLIN)
a 66
b GB
Holdings
Withdrawn status Lost status Damaged status Not for loan Collection code Home library Current library Date acquired Vendor Cost, normal purchase price Full call number Barcode Date last seen Cost, replacement price Bill Date Koha item type Original Barcode Total Checkouts Date last checked out
        Allied Science Cummins College of Engineering for Women Nagpur Cummins College of Engineering for Women Nagpur 08/04/2010 S. Chand and Co 265.00 950/GRO CEWN-BK-2357 30/05/2022 199.00 30/05/2022 Books 002357    
        Allied Science Cummins College of Engineering for Women Nagpur Cummins College of Engineering for Women Nagpur 08/04/2010 S. Chand and Co 265.00 950/GRO CEWN-BK-2358 28/10/2025 199.00 30/05/2022 Books 002358 1 08/10/2025